[Event "Superturnier"]
[Site "Computer"]
[Date "2021.10.15"]
[Round "5"]
[White "Mephisto RISC 1MB"]
[Black "Mephisto Berlin Pro 68020"]
[Result "1-0"]
[WhiteElo "2200"]
[BlackElo "2200"]
[Annotator "Pillen,Markus"]
[PlyCount "149"]
[EventDate "2021.??.??"]

{[%evp 0,99,23,13,63,63,63,62,89,14,36,42,63,56,74,28,16,18,43,21,18,26,25,46,
33,33,33,32,49,42,52,49,71,68,74,86,94,90,86,80,192,195,195,145,171,151,153,89,
93,84,84,79,86,14,0,0,0,0,0,0,57,0,0,0,0,-15,-5,5,85,84,85,83,153,154,164,163,
163,150,214,146,214,210,330,347,274,343,346,351,375,375,386,390,427,473,469,
526,554,570,572,481,521,532]} 1. e4 d6 2. d4 Nf6 3. Nc3 g6 4. f4 Bg7 5. Nf3 c5
6. dxc5 Qa5 7. Bd3 Qxc5 8. Qe2 Bg4 9. Nb5 O-O 10. Be3 Qc6 11. h3 Bxf3 12. Qxf3
Nfd7 13. Nd4 Qb6 14. Nb3 Qc6 15. c3 a6 16. O-O Rc8 17. Rad1 Rc7 18. Bc2 Qa4 19.
a3 Qb5 20. Rd5 Qc4 21. Rfd1 Nf6 22. R5d4 Qe6 23. R4d2 Nc6 24. Bb6 Rcc8 25. Bf2
Qc4 26. e5 dxe5 27. fxe5 Nxe5 28. Qxb7 e6 29. Nc5 Qb5 30. Qxb5 axb5 31. Bb3 Nc4
32. Bxc4 bxc4 33. Rd4 Rab8 34. Rxc4 Rxb2 35. Nxe6 Ra8 36. Nxg7 Kxg7 37. Bd4 Ra6
38. Rf1 Rd2 39. Kh2 Re6 40. a4 h6 41. a5 g5 42. Ra4 Ra6 43. Raa1 Rxd4 44. cxd4
Nd5 45. Rf5 Nf4 46. Rb5 Ne6 47. d5 Nc7 48. Rc5 Ra7 49. d6 Ne6 50. Rc8 Kf6 51.
a6 h5 52. Ra4 g4 53. h4 Ke5 54. d7 f5 55. Ra5+ Kd6 56. d8=Q+ Nxd8 57. Rxd8+ Kc6
58. Rf8 Kb6 59. Rfxf5 Rxa6 60. Rxa6+ Kxa6 61. Rxh5 Kb7 62. Rc5 Kb6 63. Rc1 Kb5
64. Kg3 Kb4 65. Kxg4 Kb3 66. Rc8 Kb4 67. Kf5 Kb5 68. g4 Ka6 69. Rb8 Ka7 70. Rb1
Ka6 71. g5 Ka5 72. g6 Ka6 73. g7 Ka5 74. g8=Q Ka6 75. Qa8# 1-0

[Event "Superturnier"]
[Site "Computer"]
[Date "2021.10.15"]
[Round "5"]
[White "Fidelity Excel 68020 Mach IV"]
[Black "Saitek RISC 2500 v1.04"]
[Result "1-0"]
[WhiteElo "2200"]
[BlackElo "2200"]
[Annotator "Pillen,Markus"]
[PlyCount "147"]
[EventDate "2021.??.??"]

{[%evp 0,147,23,14,52,45,77,57,49,31,35,36,69,48,41,41,62,4,42,18,63,69,73,79,
79,104,66,66,77,78,226,71,85,57,89,79,82,39,23,29,29,8,61,65,102,101,74,117,
124,128,135,138,130,116,111,112,112,109,113,108,116,105,109,74,69,78,82,79,79,
81,80,85,93,100,102,102,116,110,110,132,141,155,158,167,165,157,165,154,144,
146,146,171,180,177,180,208,225,202,210,225,219,256,274,288,334,471,643,982,
1200,1310,1481,1570,1629,2061,2204,2582,1408,1408,1408,1012,1012,1012,1282,
2064,2194,3031,2862,2648,3038,2011,1894,2686,29983,2184,29983,29986,29987,
29988,29989,29990,29991,29992,29993,29994,29995,29996,29997,29998,29999,-30000]
} 1. e4 c5 2. Nf3 d6 3. d4 cxd4 4. Nxd4 Nf6 5. Nc3 e6 6. Bc4 Nc6 7. Be3 a6 8.
Qe2 Qc7 9. O-O-O b5 10. Nxc6 bxc4 11. Qxc4 Bb7 12. Ne5 Rc8 13. Qa4+ Ke7 14. Nf3
h6 15. Bf4 e5 16. Be3 g6 17. Kb1 Bg7 18. Rd3 Bc6 19. Qxa6 Nxe4 20. Rhd1 Nxc3+
21. Rxc3 Rhe8 22. Bb6 Qb8 23. Qa3 Bd7 24. Ba7 Rxc3 25. Bxb8 Rxa3 26. Bxd6+ Kd8
27. Bxa3 e4 28. Nd4 Bxd4 29. Rxd4 e3 30. fxe3 Rxe3 31. Kc1 Re2 32. Rd2 Re1+ 33.
Rd1 Re2 34. g3 Rxh2 35. b3 Kc7 36. Rd2 Rxd2 37. Kxd2 f5 38. Bc5 g5 39. Bf8 f4
40. gxf4 g4 41. Bxh6 g3 42. Ke2 Bg4+ 43. Kf1 Bh3+ 44. Kg1 Kd6 45. c3 Ke6 46. a4
Kd5 47. a5 Kc6 48. c4 Kb7 49. Bg7 Kc6 50. Bd4 Kb7 51. b4 Ka6 52. Bc3 Kb7 53. b5
Kb8 54. c5 Bf5 55. Be5+ Ka8 56. c6 Be4 57. c7 Bf5 58. Kg2 Ka7 59. Kxg3 Bc8 60.
Kf3 Bb7+ 61. Kg4 Bc8+ 62. f5 Ka8 63. Kg5 Kb7 64. a6+ Kb6 65. f6 Be6 66. Kf4 Bc8
67. f7 Kxb5 68. a7 Bb7 69. f8=Q Ka4 70. c8=Q Bxc8 71. a8=Q+ Kb5 72. Qd5+ Ka4
73. Qc4+ Ka5 74. Bc7# 1-0

[Event "Superturnier"]
[Site "Computer"]
[Date "2021.10.15"]
[Round "5"]
[White "Fidelity Excel 68020 Mach IV"]
[Black "Mephisto RISC 1MB"]
[Result "1-0"]
[WhiteElo "2200"]
[BlackElo "2200"]
[Annotator "Pillen,Markus"]
[PlyCount "143"]
[EventDate "2021.??.??"]

{[%evp 0,95,26,14,14,14,14,8,71,3,82,83,40,50,51,30,30,36,75,78,78,60,57,70,71,
69,140,116,118,108,180,158,174,176,181,192,188,196,171,159,173,180,193,189,165,
151,193,126,182,170,158,144,167,223,152,139,158,151,144,176,144,142,231,14,168,
190,190,110,105,30,12,1,0,11,0,0,109,102,102,103,182,182,156,159,215,116,126,
125,127,127,148,171,148,161,194,198,239,139]} 1. e4 e5 2. Nf3 Nc6 3. Bb5 g6 4.
c3 d6 5. d4 Bd7 6. O-O Bg7 7. dxe5 dxe5 8. Be3 a6 9. Bc4 b5 10. Bd5 Nf6 11. Bc5
Bf8 12. Bxf8 Rxf8 13. Re1 Qe7 14. a4 Ra7 15. Nbd2 Nd8 16. axb5 Bxb5 17. Nc4 Nd7
18. Na3 Bc6 19. Bxc6 Nxc6 20. Qd5 Ndb8 21. Nc4 f6 22. Red1 Nd8 23. Rd2 Nd7 24.
Rad1 Rf7 25. b3 Rb7 26. Qa5 Qe6 27. Qa3 Rb8 28. Rd5 Re7 29. h3 Rb5 30. Ne3 c6
31. Qxa6 Rb7 32. R5d3 Qxb3 33. Nc4 Kf8 34. Qa8 Qxc4 35. Qxd8+ Re8 36. Qa5 Nc5
37. Rd8 Rbe7 38. Rxe8+ Rxe8 39. Nd2 Qe2 40. Qxc5+ Re7 41. Rb1 Qxd2 42. Rb7 Qd1+
43. Kh2 Qd8 44. c4 Qe8 45. Rxe7 Qxe7 46. Qxc6 Kf7 47. c5 Qa7 48. Kg3 h6 49.
Qd5+ Kg7 50. c6 Qa3+ 51. f3 Qe7 52. Qd7 Kf7 53. Qb7 f5 54. Kh2 h5 55. c7 fxe4
56. Qd5+ Qe6 57. Qxe6+ Kxe6 58. c8=Q+ Ke7 59. Qc5+ Ke6 60. fxe4 h4 61. Qd5+ Kf6
62. Qd6+ Kg7 63. Qxe5+ Kf7 64. Qd5+ Kg7 65. e5 g5 66. Qd7+ Kh6 67. e6 g4 68.
hxg4 h3 69. gxh3 Kg5 70. Qf7 Kh6 71. Kg3 Kg5 72. Qg7# 1-0

[Event "Superturnier"]
[Site "Computer"]
[Date "2021.10.15"]
[Round "5"]
[White "Saitek RISC 2500 v1.04"]
[Black "Mephisto Berlin Pro 68020"]
[Result "1-0"]
[WhiteElo "2200"]
[BlackElo "2200"]
[Annotator "Pillen,Markus"]
[PlyCount "217"]
[EventDate "2021.??.??"]

{[%evp 0,108,30,14,14,9,5,0,6,15,20,13,13,7,7,-5,-6,-17,-29,-29,-16,-9,-3,-1,
-13,-61,-64,-53,-66,-71,-20,-20,-2,0,-6,-10,19,23,35,11,27,16,29,-59,28,26,51,
56,57,54,56,65,87,96,73,96,135,143,133,48,68,82,109,97,104,91,119,100,240,170,
178,137,103,31,44,78,78,48,174,132,137,80,126,102,203,177,232,227,286,346,225,
240,260,228,178,175,162,132,127,0,142,119,132,124,98,103,79,75,99,96,66]} 1. e4
e5 2. Nc3 Nf6 3. Bc4 Nc6 4. d3 Bc5 5. Nf3 d6 6. Be3 Bb6 7. Qd2 Bg4 8. Bxb6 axb6
9. Ng5 O-O 10. h3 Bh5 11. g4 Bg6 12. h4 h5 13. gxh5 Bxh5 14. f3 Na5 15. O-O-O
Nxc4 16. dxc4 Qd7 17. b3 Ra5 18. Kb2 Rfa8 19. Qg2 Bg6 20. Nh3 Qc6 21. Rhe1 Qc5
22. a4 Qc6 23. Nf2 Qd7 24. Ng4 Nh5 25. Qd2 Qe8 26. Nd5 Rc5 27. Nf2 Qd8 28. Nd3
Rca5 29. Qf2 R5a6 30. f4 Nxf4 31. N3xf4 exf4 32. Qxf4 Bh5 33. Rd2 Ra5 34. e5 c6
35. Nb4 Qe7 36. Nd3 d5 37. cxd5 Rxd5 38. Rg2 Kh8 39. Qg3 f6 40. c4 Rda5 41. Ka2
Rd8 42. Nf4 Be8 43. exf6 Qxf6 44. Re6 Qf7 45. Qe3 Qf8 46. Qxb6 Rxa4+ 47. bxa4
Qxf4 48. Re7 Ra8 49. Qb3 c5 50. Qc3 Rxa4+ 51. Kb2 Rb4+ 52. Ka1 Qf1+ 53. Re1
Ra4+ 54. Ra2 Rxa2+ 55. Kxa2 Qf2+ 56. Kb3 Bf7 57. Rd1 b5 58. Rd8+ Bg8 59. Rc8
Qxh4 60. Rxc5 Bxc4+ 61. Kb4 Qg4 62. Qe3 Qd7 63. Qf4 Qe8 64. Qg3 Kg8 65. Rc7
Qf8+ 66. Ka5 Qf6 67. Rc8+ Kf7 68. Qe1 Kg6 69. Qe4+ Kh5 70. Qh1+ Kg4 71. Qg2+
Kf5 72. Rf8 Bf7 73. Qf3+ Ke6 74. Qc6+ Ke7 75. Qc5+ Ke6 76. Kxb5 Qb2+ 77. Ka6
Qf6 78. Kb6 g5 79. Kb5 Qb2+ 80. Kc6 Qf6 81. Qe3+ Kf5+ 82. Kc5 g4 83. Qd3+ Kg5
84. Qd2+ Kg6 85. Qc2+ Kg7 86. Rc8 g3 87. Kb5 Qf1+ 88. Kb4 g2 89. Qc3+ Kg6 90.
Qg3+ Kf6 91. Qh4+ Ke6 92. Qe4+ Kf6 93. Rc6+ Kg7 94. Qd4+ Kg8 95. Qd8+ Kh7 96.
Qh4+ Kg8 97. Qg5+ Kf8 98. Rc8+ Be8 99. Qh6+ Ke7 100. Qg7+ Kd6 101. Rd8+ Bd7
102. Qxd7+ Ke5 103. Qe7+ Kf4 104. Rf8+ Kg3 105. Qe5+ Kh3 106. Rh8+ Kg4 107.
Rg8+ Kf3 108. Rg3+ Kf2 109. Qe3# 1-0

[Event "Superturnier"]
[Site "Computer"]
[Date "2021.10.15"]
[Round "5"]
[White "Mephisto Berlin Pro 68020"]
[Black "Fidelity Excel 68020 Mach IV"]
[Result "1-0"]
[WhiteElo "2200"]
[BlackElo "2200"]
[Annotator "Pillen,Markus"]
[PlyCount "189"]
[EventDate "2021.??.??"]

{[%evp 0,136,31,14,45,45,82,62,62,40,36,26,82,59,72,72,86,48,81,62,65,48,33,35,
21,21,21,21,21,24,10,11,16,5,5,19,26,2,1,8,-2,1,1,9,9,0,0,8,2,0,7,0,13,-1,0,1,
-4,-6,0,-12,0,-16,-13,-56,11,50,50,71,161,161,172,172,152,199,200,220,208,191,
187,219,222,230,237,253,255,253,265,273,269,268,280,216,217,243,243,124,127,
144,158,108,139,165,165,173,164,179,183,181,178,178,170,187,189,189,183,186,
186,186,194,196,213,141,194,216,216,179,155,179,179,163,174,110,143,191,210,
197,217,217,217]} 1. e4 c5 2. Nf3 d6 3. d4 cxd4 4. Nxd4 Nf6 5. Nc3 e6 6. Be2 a6
7. O-O Qc7 8. f4 Nc6 9. Be3 Be7 10. f5 O-O 11. fxe6 fxe6 12. Bc4 Nxd4 13. Qxd4
Kh8 14. Rad1 Bd7 15. Be2 e5 16. Qd3 b5 17. a3 Be6 18. Nd5 Nxd5 19. exd5 Bf7 20.
Bf3 Bg6 21. Be4 Bxe4 22. Qxe4 Rac8 23. Rxf8+ Rxf8 24. Rf1 Rxf1+ 25. Kxf1 Qc8
26. Kg1 g6 27. a4 Kg7 28. axb5 axb5 29. Qd3 Qa6 30. b3 Qa1+ 31. Kf2 b4 32. Bd2
Bh4+ 33. g3 Qh1 34. gxh4 Qxh2+ 35. Kf3 h6 36. Qe3 Qxh4 37. Qe4 Qh3+ 38. Ke2
Qh2+ 39. Kd3 Qh3+ 40. Kc4 Qc8+ 41. Kxb4 Qc5+ 42. Ka4 Qa7+ 43. Ba5 Qd7+ 44. Ka3
Qb5 45. Qb4 Qxd5 46. Bc7 Kf6 47. Qxd6+ Qxd6+ 48. Bxd6 h5 49. Bc7 Kf5 50. b4 h4
51. b5 h3 52. b6 h2 53. b7 h1=Q 54. b8=Q Qa1+ 55. Kb3 Qb1+ 56. Kc3 Qa1+ 57. Qb2
Qe1+ 58. Kb3 Qe4 59. Qc3 g5 60. Qh3+ g4 61. Qh7+ Kf4 62. Qf7+ Kg3 63. Qe6 Qb7+
64. Bb6 Qf3+ 65. Kb2 Qe2 66. Bc7 Qb5+ 67. Kc3 Qc5+ 68. Qc4 Qe7 69. Kd3 Qh7+ 70.
Kd2 Qh6+ 71. Kc3 Qg7 72. Bd6 Qf6 73. Qd4 Qf3+ 74. Kb4 Qb7+ 75. Ka5 Qa8+ 76. Kb6
Qd8+ 77. Kb5 Qd7+ 78. Ka5 Qd8+ 79. Kb4 Kh3 80. Qxe5 Qb6+ 81. Kc3 Qf2 82. Qh5+
Qh4 83. Qxh4+ Kxh4 84. Kd4 Kg5 85. c4 Kf6 86. Kd5 Kf7 87. c5 Ke8 88. Ke6 Kd8
89. c6 Kc8 90. c7 Kb7 91. Kd7 Kb6 92. c8=Q Ka5 93. Qc5+ Ka6 94. Kc6 g3 95. Qb6#
1-0

[Event "Superturnier"]
[Site "Computer"]
[Date "2021.10.15"]
[Round "6"]
[White "Mephisto Berlin Pro 68020"]
[Black "Mephisto RISC 1MB"]
[Result "1/2-1/2"]
[WhiteElo "2200"]
[BlackElo "2200"]
[Annotator "Pillen,Markus"]
[PlyCount "58"]
[EventDate "2021.??.??"]

{[%evp 0,58,30,30,48,48,46,29,29,50,33,29,61,49,57,49,54,49,35,52,67,39,56,25,
50,34,34,54,34,11,22,0,16,-53,-33,-31,-36,-33,-38,-31,0,0,0,0,0,0,0,0,0,0,0,0,
0,0,0,0,0,0,0,0,0]} 1. e4 c5 2. Nf3 e6 3. d4 cxd4 4. Nxd4 Nf6 5. Nc3 d6 6. Be2
a6 7. O-O Be7 8. f4 O-O 9. Be3 Qc7 10. Qe1 Nc6 11. Qg3 Nxd4 12. Bxd4 b5 13. a3
Bb7 14. Rae1 g6 15. Bd3 Nh5 16. Qh3 Nxf4 17. Rxf4 e5 18. Nd5 Bxd5 19. exd5 exf4
20. Qh6 f6 21. Bxg6 hxg6 22. Qxg6+ Kh8 23. Re3 fxe3 24. Qh5+ Kg7 25. Qg5+ Kf7
26. Qh5+ Kg8 27. Qg6+ Kh8 28. Qh5+ Kg8 29. Qg6+ Kh8 1/2-1/2

[Event "Superturnier"]
[Site "Computer"]
[Date "2021.10.15"]
[Round "6"]
[White "Saitek RISC 2500 v1.04"]
[Black "Fidelity Excel 68020 Mach IV"]
[Result "0-1"]
[WhiteElo "2200"]
[BlackElo "2200"]
[Annotator "Pillen,Markus"]
[PlyCount "114"]
[EventDate "2021.??.??"]

{[%evp 0,81,29,14,45,45,64,57,58,35,35,30,60,49,65,43,34,25,23,0,9,-254,-30,
-44,-8,-210,-219,-268,-268,-220,-218,-226,-233,-239,-244,-287,-329,-329,-317,
-308,-330,-340,-313,-323,-302,-329,-363,-400,-336,-350,-298,-314,-338,-335,
-346,-386,-390,-416,-384,-364,-345,-344,-225,-590,-614,-679,-717,-725,-729,
-712,-712,-720,-678,-792,-859,-862,-987,-1015,-1025,-1153,-1242,-1261,-1266,
-1385]} 1. e4 c5 2. Nf3 d6 3. d4 cxd4 4. Nxd4 Nf6 5. Nc3 e6 6. Bg5 Nbd7 7. Bc4
Be7 8. O-O O-O 9. f4 Qb6 10. Qd2 Qxb2 11. Rab1 Qa3 12. Rb3 Qc5 13. Bb5 e5 14.
Bxd7 Bxd7 15. fxe5 dxe5 16. Bxf6 Bxf6 17. Nd5 Bd8 18. c3 b6 19. Qf2 exd4 20.
cxd4 Qa5 21. Qb2 Rc8 22. Ra3 Qb5 23. Qd2 a5 24. Rb3 Qa6 25. Rg3 b5 26. e5 Kh8
27. Ne3 b4 28. Rgf3 Qe6 29. Nf5 Ba4 30. Nd6 Rc2 31. Qxc2 Bxc2 32. Nxf7+ Rxf7
33. Rxf7 h6 34. Rf8+ Kh7 35. Rxd8 Qxa2 36. Rff8 Be4 37. Kf1 Qxg2+ 38. Ke1 Bd3
39. Rf2 Qg1+ 40. Kd2 Qxf2+ 41. Kxd3 b3 42. Rb8 Qc2+ 43. Ke3 b2 44. d5 Qc7 45.
Rxb2 Qxe5+ 46. Kd3 Qxb2 47. h4 a4 48. d6 a3 49. d7 Qb3+ 50. Kd2 Qb4+ 51. Kc2
Qa4+ 52. Kd2 Qxd7+ 53. Ke3 a2 54. h5 a1=Q 55. Kf3 Qf5+ 56. Kg2 Qaf1+ 57. Kg3
Q5f4# 0-1

[Event "Superturnier"]
[Site "Computer"]
[Date "2021.10.15"]
[Round "6"]
[White "Mephisto RISC 1MB"]
[Black "Fidelity Excel 68020 Mach IV"]
[Result "1-0"]
[WhiteElo "2200"]
[BlackElo "2200"]
[Annotator "Pillen,Markus"]
[PlyCount "109"]
[EventDate "2021.??.??"]

{[%evp 0,109,29,8,8,8,8,-8,20,20,7,12,17,27,24,24,27,29,20,20,17,13,23,15,51,
53,61,81,111,94,92,38,48,42,30,31,34,27,38,47,51,31,43,110,110,115,168,147,147,
147,150,154,187,183,190,224,213,244,244,244,244,244,232,156,201,220,249,213,
230,239,336,321,418,412,418,437,439,446,689,844,859,895,978,994,1516,1807,1991,
2068,29971,29972,29973,29974,29975,29984,29985,29986,29987,29988,29989,29990,
29993,29992,29993,29994,29995,29996,29997,29996,29997,29998,29999,-30000]} 1.
e4 e5 2. Nf3 Nc6 3. Bc4 Bc5 4. d3 Nf6 5. c3 d6 6. b4 Bb6 7. a4 a6 8. a5 Ba7 9.
O-O O-O 10. Bg5 Bg4 11. h3 Bh5 12. g4 Bg6 13. Nh4 Qd7 14. Qf3 Qe7 15. Nxg6 hxg6
16. Be3 Nh7 17. Nd2 Ng5 18. Qg3 Qf6 19. Bd5 Ne6 20. Kh2 g5 21. b5 axb5 22. a6
Bc5 23. axb7 Rxa1 24. Rxa1 Nb8 25. Bxe6 fxe6 26. Bxc5 dxc5 27. Kg2 b4 28. Nf3
bxc3 29. Nxe5 Qd8 30. Qe3 Qd4 31. Nf3 Qb4 32. Nxg5 Qb6 33. Qe1 c2 34. Rc1 e5
35. Rxc2 Nd7 36. Qc3 Qxb7 37. Qc4+ Kh8 38. Qe6 Qb1 39. Qg6 Nf6 40. Rxc5 c6 41.
Ne6 Rg8 42. Rxe5 Qc1 43. Ng5 Rf8 44. Re7 Qxg5 45. Qxg5 Ne8 46. Qh5+ Kg8 47.
Rxe8 Rxe8 48. Qxe8+ Kh7 49. e5 g6 50. g5 Kg7 51. e6 c5 52. e7 c4 53. Qf8+ Kh7
54. Qf7+ Kh8 55. e8=Q# 1-0

[Event "Superturnier"]
[Site "Computer"]
[Date "2021.10.15"]
[Round "6"]
[White "Mephisto Berlin Pro 68020"]
[Black "Saitek RISC 2500 v1.04"]
[Result "1-0"]
[WhiteElo "2200"]
[BlackElo "2200"]
[Annotator "Pillen,Markus"]
[PlyCount "169"]
[EventDate "2021.??.??"]

{[%evp 0,112,29,8,8,8,13,37,40,37,26,2,22,16,49,60,60,53,66,-7,-11,51,18,24,45,
45,28,-19,-39,-39,-45,-34,-39,-8,4,-7,49,41,59,64,55,69,63,62,70,64,99,152,177,
104,56,104,104,104,134,114,106,65,83,83,86,86,106,81,81,117,147,136,144,132,
150,150,148,143,163,160,215,161,184,115,164,122,136,115,133,141,110,98,95,113,
98,85,92,0,0,35,19,25,23,21,59,46,60,68,71,67,203,170,267,160,338,351,351,351,
418]} 1. e4 e5 2. Nf3 Nf6 3. Nxe5 d6 4. Nf3 Nxe4 5. d4 d5 6. Bd3 Bd6 7. O-O O-O
8. c4 c6 9. Qc2 Na6 10. a3 Bg4 11. Ne5 Bxe5 12. dxe5 Nac5 13. b4 Nxd3 14. Qxd3
Bf5 15. cxd5 cxd5 16. Qd4 f6 17. Bf4 g5 18. Be3 Rc8 19. f3 fxe5 20. Qxe5 Qd6
21. Qd4 Rc4 22. Qxa7 Bd7 23. Rd1 Nf6 24. Bxg5 Qe5 25. Bxf6 Rxf6 26. Ra2 Rh6 27.
h3 Bc6 28. b5 Bxb5 29. Qxb7 Ba4 30. Qa8+ Kg7 31. Qa7+ Kg8 32. Rf1 Bb5 33. Qa8+
Be8 34. Raf2 Rhc6 35. f4 Qe3 36. Kh2 Qe6 37. Qd8 d4 38. Qg5+ Kf8 39. Qe5 Kg8
40. Qxe6+ Rxe6 41. f5 Re3 42. f6 Bg6 43. Rb2 Rc8 44. a4 d3 45. Rb7 Re2 46. f7+
Kf8 47. Rd7 Be4 48. Kg3 Rxg2+ 49. Kh4 Bg6 50. Rf4 Rb2 51. Nc3 Re2 52. Nd5 Rb8
53. Rf6 Ra8 54. Kg3 Re1 55. Nc7 Rb8 56. a5 Rc8 57. a6 d2 58. Ne6+ Rxe6 59. Rxe6
Rc3+ 60. Kg2 Bxf7 61. a7 Ra3 62. Rd8+ Kg7 63. Re7 Kf6 64. Rc7 Be6 65. h4 Ke5
66. Rxd2 Bd5+ 67. Kf2 Be4 68. Re7+ Kf4 69. Rd4 Ra2+ 70. Ke1 Kf5 71. Rdxe4 Rxa7
72. Rxa7 Kxe4 73. Rxh7 Ke5 74. Rf7 Ke6 75. Rf2 Kd5 76. Re2 Kd4 77. h5 Kd5 78.
h6 Kd4 79. h7 Kd5 80. h8=Q Kc4 81. Qe5 Kb3 82. Rb2+ Kc4 83. Qb5+ Kc3 84. Rb4
Kc2 85. Qc4# 1-0

[Event "Superturnier"]
[Site "Computer"]
[Date "2021.10.15"]
[Round "6"]
[White "Saitek RISC 2500 v1.04"]
[Black "Mephisto RISC 1MB"]
[Result "1/2-1/2"]
[WhiteElo "2200"]
[BlackElo "2200"]
[Annotator "Pillen,Markus"]
[PlyCount "236"]
[EventDate "2021.??.??"]

{[%evp 0,169,29,8,12,-4,-15,-5,7,-11,-2,-46,-46,-58,-58,-61,-32,-39,-39,-84,
-98,-119,-104,-130,-130,-135,-138,-160,-170,-171,-150,-180,-198,-198,-110,-102,
-84,-84,-108,-120,-116,-117,-115,-133,-119,-170,-128,-130,-140,-159,-156,-140,
-130,-140,-113,-172,-184,-181,-185,-188,-190,-194,-224,-228,-212,-205,-213,
-226,-226,-276,-281,-284,-258,-254,-271,-270,-276,-265,-221,-220,-251,-236,
-238,-235,-234,-244,-187,-222,-173,-172,-209,-212,-141,-212,-165,-186,-156,
-186,-156,-186,-158,-181,-159,-181,-181,-181,-179,-171,-187,-273,-269,-278,
-159,-190,-2,-2,0,0,0,0,0,0,0,0,0,0,2,1,2,0,1,1,1,0,3,3,3,1,1,0,0,0,0,0,0,0,0,
2,1,1,1,0,0,0,0,0,3,2,2,1,1,1,1,1,1,1,0,0,0,0,0,0]} 1. e4 e5 2. f4 exf4 3. Nf3
d6 4. d4 g5 5. h4 g4 6. Ng1 Qf6 7. Nc3 Ne7 8. Nge2 Bh6 9. g3 fxg3 10. Bxh6 Qxh6
11. Qd3 f5 12. Qxg3 Rf8 13. exf5 Bxf5 14. Bg2 Nbc6 15. a3 Bxc2 16. Qxg4 Qe3 17.
Rf1 Rxf1+ 18. Kxf1 Bf5 19. Qg5 Qxg5 20. hxg5 O-O-O 21. Rc1 Bd7 22. Kg1 Nf5 23.
d5 Ne5 24. b3 Ne3 25. Kf2 Nxg2 26. Kxg2 Nf7 27. Nd4 Nxg5 28. Kg3 Rg8 29. Kf4 a6
30. a4 Nh3+ 31. Kf3 c5 32. dxc6 bxc6 33. Ne4 Kc7 34. Ke3 Re8 35. Kf3 Bg4+ 36.
Kxg4 Rxe4+ 37. Kxh3 Rxd4 38. Rh1 c5 39. Kg2 Rd2+ 40. Kf3 Rd3+ 41. Ke2 Rxb3 42.
Rxh7+ Kd8 43. Ra7 Rb6 44. a5 Rc6 45. Kd3 d5 46. Kd2 Rh6 47. Kd3 Rg6 48. Kc3 Kc8
49. Kd3 Kb8 50. Rd7 Rg5 51. Rd6 Kb7 52. Rb6+ Ka7 53. Rd6 Rg3+ 54. Kd2 d4 55.
Rc6 Rg2+ 56. Kd3 Rg5 57. Kc4 Rh5 58. Rd6 Rf5 59. Rd7+ Ka8 60. Rd8+ Kb7 61. Rd7+
Kb8 62. Rd6 Re5 63. Rxa6 Rf5 64. Rb6+ Ka7 65. Rd6 Re5 66. Kb5 Kb7 67. a6+ Kc7
68. Rc6+ Kb8 69. Kb6 Re8 70. Rxc5 Re6+ 71. Kb5 Rd6 72. Re5 Rd7 73. Kc6 Rd8 74.
a7+ Ka8 75. Re1 d3 76. Kc7 Rd5 77. Rd1 Rf5 78. Rxd3 Rf7+ 79. Kb6 Rf6+ 80. Kc5
Kxa7 81. Rd8 Kb7 82. Rd7+ Ka6 83. Rd5 Kb7 84. Rd1 Kc7 85. Re1 Kd7 86. Kd4 Kd6
87. Rg1 Re6 88. Rg2 Rh6 89. Rg4 Re6 90. Rg5 Rh6 91. Rd5+ Ke6 92. Re5+ Kd6 93.
Re4 Re6 94. Rf4 Rh6 95. Rf5 Re6 96. Rd5+ Kc6 97. Rg5 Kd6 98. Rg7 Rh6 99. Rg8
Re6 100. Rd8+ Kc6 101. Rf8 Kd6 102. Rf7 Rh6 103. Rf4 Re6 104. Rf5 Rh6 105. Rf7
Re6 106. Rf8 Rh6 107. Rd8+ Ke6 108. Re8+ Kd6 109. Re5 Re6 110. Rh5 Rg6 111.
Rd5+ Ke6 112. Re5+ Kd6 113. Re8 Re6 114. Rg8 Rh6 115. Rg7 Re6 116. Rg8 Rh6 117.
Re8 Re6 118. Rxe6+ Kxe6 1/2-1/2

[Event "Superturnier"]
[Site "Computer"]
[Date "2021.10.15"]
[Round "6"]
[White "Fidelity Excel 68020 Mach IV"]
[Black "Mephisto Berlin Pro 68020"]
[Result "1/2-1/2"]
[WhiteElo "2200"]
[BlackElo "2200"]
[Annotator "Pillen,Markus"]
[PlyCount "271"]
[EventDate "2021.??.??"]

{[%evp 0,177,29,12,45,37,65,58,58,35,35,36,48,47,59,26,19,6,8,-28,0,2,19,-8,
-19,-36,11,0,7,8,2,2,13,8,18,-31,-18,-8,-10,-15,12,-8,-2,9,20,0,1,0,8,0,-4,-11,
-6,-21,0,-1,-19,-29,-44,-44,-42,-41,-41,-47,-13,-25,-12,-12,4,0,-21,-17,0,0,0,
0,0,0,0,-68,5,32,17,15,51,35,51,42,77,76,85,112,100,109,102,90,109,105,116,93,
92,116,116,109,109,89,96,120,114,79,84,83,72,64,58,33,13,-8,-11,-8,-8,-8,12,
-19,0,-10,0,-6,-6,-6,0,-3,-6,-6,-6,-6,2,2,0,0,0,0,0,0,0,0,0,0,0,0,0,0,0,0,0,0,
0,0,0,0,0,0,0,0,0,0,0,0,0,0,0,0,0,0,0,0,0,-23,0,-12]} 1. e4 c5 2. Nf3 d6 3. d4
cxd4 4. Nxd4 Nf6 5. Nc3 a6 6. Bg5 e6 7. f4 Nbd7 8. Be2 Be7 9. O-O O-O 10. Kh1
h6 11. Bxf6 Nxf6 12. Qd2 d5 13. exd5 Nxd5 14. Nxd5 Qxd5 15. Bf3 Qd6 16. Rad1
Qb6 17. Qc3 Bf6 18. Rf2 Rd8 19. Rfd2 e5 20. fxe5 Bxe5 21. Qe3 Bc7 22. c4 Be6
23. Qc3 Bc8 24. c5 Qf6 25. g3 Be5 26. Qe3 Rb8 27. b4 Bh3 28. Be4 Bg4 29. Nf3
Re8 30. Rf1 Bc3 31. Rd6 Re6 32. Rxe6 Bxe6 33. a3 a5 34. bxa5 Bxa5 35. Rb1 b6
36. c6 Re8 37. Qd3 Rd8 38. Qc2 Bg4 39. Qb3 Re8 40. Bd5 Re7 41. Rf1 Bh3 42. Rc1
Rc7 43. Be4 Be6 44. Qd3 Qe7 45. Nd4 Qg5 46. Rd1 Bg4 47. Nf3 Bxf3+ 48. Bxf3 Qe5
49. Qe4 Qxe4 50. Rd8+ Qe8 51. Rxe8+ Kh7 52. Rb8 f5 53. Rb7 Rc8 54. Kg2 Kg6 55.
Rd7 Kf6 56. Kf2 Bc3 57. h3 Be5 58. Bd5 Rc7 59. Kf3 Rxd7 60. cxd7 Ke7 61. Bc6 g5
62. Bb5 Kd8 63. a4 h5 64. Kf2 Bd4+ 65. Ke2 Bf6 66. Ke3 Be5 67. Kf3 Bf6 68. Kg2
h4 69. gxh4 gxh4 70. Kf3 Ke7 71. Kf4 Ke6 72. Bc6 Bd8 73. Ke3 Kd6 74. Bb5 Bf6
75. Kd2 Bd8 76. Kd3 Ke6 77. Ke3 Bg5+ 78. Kf2 Bd8 79. Ke1 Bg5 80. Kf1 Be7 81.
Kg2 Bf6 82. Kg1 Bg5 83. Kh2 Bd8 84. Kh1 Be7 85. Bd3 Kxd7 86. Bxf5+ Kd6 87. Kg2
Ke5 88. Bd3 Kf4 89. Bc4 Bc5 90. Bd5 Bd4 91. Be6 Ke3 92. Bc4 Be5 93. Bd5 Bd6 94.
Bb3 Ke4 95. Be6 Bg3 96. Bc4 Kd4 97. Be2 Ke3 98. Bg4 Bd6 99. Bf3 Bc7 100. Bc6
Bg3 101. Be8 Be5 102. Bf7 Ke2 103. Bd5 Bf4 104. Bb7 Ke3 105. Kf1 Be5 106. Kg1
Kd4 107. Kf2 Kc5 108. Ba6 Kb4 109. Bb5 Bf6 110. Kf3 Kb3 111. Kg4 Kc3 112. Kf4
Kb4 113. Kf5 Be7 114. Ke6 Bc5 115. Kf6 Kb3 116. Kg5 Be7+ 117. Kg4 Bf6 118. Kf5
Be7 119. Ke4 Kb4 120. Kf3 Bf6 121. Kf4 Kb3 122. Bd7 Be7 123. Kg4 Bd8 124. Be8
Bf6 125. Kf5 Bd8 126. Bc6 Kc4 127. Bb5+ Kc3 128. Kf4 Bf6 129. Bc6 Kc4 130. Bd7
Kb3 131. Kf5 Be7 132. Ke6 Bg5 133. Kf7 Be3 134. Kg6 Kb4 135. Kh5 Bf2 136. Bc6
1/2-1/2